[Event "SWE-ch Masters"]
[Site "Uppsala"]
[Date "2022.07.08"]
[Round "7"]
[White "Malmstig, Erik"]
[Black "Eriksson, Daniel"]
[Result "1-0"]
[WhiteElo "2204"]
[BlackElo "2246"]
[PlyCount "83"]
[EventDate "2022.07.02"]
[EventType "swiss"]
[EventRounds "9"]
[EventCountry "SWE"]
[SourceTitle "EXT 2024"]
[Source "ChessBase"]
[SourceDate "2023.10.10"]
[SourceVersion "1"]
[SourceVersionDate "2023.10.10"]
[SourceQuality "1"]

1. d4 d5 2. Nf3 Nf6 3. c4 e6 4. Nc3 c6 5. e3 Bd6 6. Bd3 Nbd7 7. 0-0 dxc4 8. Bxc4 b5 9. Bb3 b4 10. Nb1 c5 11. a3 cxd4 12. axb4 e5 13. exd4 e4 14. Ne5 0-0 15. Bf4 Nxe5 16. dxe5 Bc7 17. exf6 Qxd1 18. Rxd1 Bxf4 19. fxg7 Kxg7 20. Nc3 e3 21. Bd5 Rb8 22. b5 exf2+ 23. Kxf2 Re8 24. Kf3 Bxh2 25. g3 Rb6 26. Kg2 a6 27. Kxh2 axb5 28. Rf1 b4 29. Rxf7+ Kg6 30. Rf2 Bb7 31. Bxb7 bxc3 32. Ra6 Rxa6 33. Bxa6 cxb2 34. Rxb2 Rd8 35. Kh3 Rd6 36. Bb7 Rd4 37. Rb6+ Kg5 38. Bf3 Rd3 39. Be4 Rd1 40. Rb7 h6 41. Rb6 Kh5 42. Bf3+ 1-0

[Event "SWE-ch Masters"]
[Site "Uppsala"]
[Date "2022.07.07"]
[Round "6"]
[White "Malmstig, Erik"]
[Black "Jogstad, Daniel"]
[Result "1/2-1/2"]
[WhiteElo "2204"]
[BlackElo "2057"]
[PlyCount "106"]
[EventDate "2022.07.02"]
[EventType "swiss"]
[EventRounds "9"]
[EventCountry "SWE"]
[SourceTitle "EXT 2024"]
[Source "ChessBase"]
[SourceDate "2023.10.10"]
[SourceVersion "1"]
[SourceVersionDate "2023.10.10"]
[SourceQuality "1"]

1. d4 Nf6 2. c4 g6 3. Nc3 Bg7 4. Bg5 h6 5. Bd2 0-0 6. Qc1 e5 7. dxe5 Ng4 8. Nf3 Nc6 9. e4 Ncxe5 10. Be2 Kh7 11. h4 d6 12. Nxe5 Nxe5 13. h5 g5 14. Qc2 Be6 15. Nd5 c6 16. Ne3 b5 17. cxb5 cxb5 18. 0-0 Rc8 19. Qd1 Nc4 20. Nxc4 bxc4 21. Qc2 Be5 22. Bc3 g4 23. Bxe5 dxe5 24. Qc3 Qg5 25. Qa5 Rfd8 26. Rad1 Rxd1 27. Rxd1 g3 28. Qxa7 c3 29. bxc3 Rxc3 30. fxg3 Rc2 31. Qf2 Rxa2 32. Qf3 Rxe2 33. Qxe2 Bg4 34. Qd2 Bxd1 35. Qxd1 Qe3+ 36. Kf1 Qxe4 37. Qf3 Qb1+ 38. Kf2 Qb6+ 39. Ke2 Qe6 40. Qe4+ Kg7 41. Kf2 Kf6 42. Qh4+ Kg7 43. Qe4 Qf6+ 44. Ke2 Qa6+ 45. Kf3 Qf1+ 46. Kg4 Qd1+ 47. Qf3 Qxf3+ 48. gxf3 Kf6 49. Kh4 Ke6 50. g4 f6 51. Kg3 f5 52. f4 fxg4 53. fxe5 Kxe5 1/2-1/2

[Event "SWE-ch Masters"]
[Site "Uppsala"]
[Date "2022.07.06"]
[Round "5"]
[White "Tiger Norqvist, Axel"]
[Black "Malmstig, Erik"]
[Result "0-1"]
[WhiteElo "2239"]
[BlackElo "2204"]
[PlyCount "162"]
[EventDate "2022.07.02"]
[EventType "swiss"]
[EventRounds "9"]
[EventCountry "SWE"]
[SourceTitle "EXT 2024"]
[Source "ChessBase"]
[SourceDate "2023.10.10"]
[SourceVersion "1"]
[SourceVersionDate "2023.10.10"]
[SourceQuality "1"]

1. e4 c5 2. Nf3 e6 3. d4 cxd4 4. Nxd4 a6 5. c4 Nf6 6. Nc3 Qc7 7. a3 Nc6 8. Be3 d6 9. Be2 Be7 10. 0-0 0-0 11. Rc1 Ne5 12. f3 b6 13. b4 Bb7 14. Na4 Ned7 15. Qd2 Rac8 16. Kh1 Qb8 17. Nb3 Bc6 18. Nc3 Bb7 19. Bg1 Rfe8 20. Qe3 h6 21. Qd4 Bd8 22. Rfd1 Bc7 23. Qf2 Qa8 24. Qf1 Rcd8 25. Na4 Bc6 26. Nb2 Bb8 27. c5 bxc5 28. bxc5 d5 29. Nd4 Bf4 30. Rc2 Nb8 31. Nxc6 Qxc6 32. Nd3 Bc7 33. Nb4 Qa4 34. exd5 Nxd5 35. Nxd5 Rxd5 36. Rdc1 Qxa3 37. Bc4 Rh5 38. g4 Rg5 39. Bd4 Nc6 40. Ra2 Qb4 41. Rb1 Qxb1 42. Qxb1 Nxd4 43. Qe4 Rd8 44. Bxa6 Re5 45. Qb7 Rxc5 46. Bd3 g6 47. Ra8 Rxa8 48. Qxa8+ Kg7 49. Qa7 Rc1+ 50. Kg2 Be5 51. f4 Bf6 52. Qa5 Nc6 53. Qd2 Rc5 54. Be4 Nd4 55. h4 Kg8 56. g5 hxg5 57. hxg5 Bg7 58. Qb4 Rb5 59. Qc3 Nf5 60. Qc8+ Bf8 61. Bxf5 Rxf5 62. Kg3 Kg7 63. Qd8 Bc5 64. Qc7 Rd5 65. Kg4 Bd6 66. Qd8 Be5 67. Qb6 Rd4 68. Qc5 Rxf4+ 69. Kh3 Rf5 70. Qe3 Bf4 71. Qc3+ e5 72. Qc6 Rxg5 73. Kh4 Rf5 74. Kg4 Bg5 75. Qd7 Bf6 76. Qe8 Rf4+ 77. Kg3 Rc4 78. Qb5 Rf4 79. Qe8 g5 80. Qd7 e4 81. Qd5 e3 0-1

[Event "SWE-ch Masters"]
[Site "Uppsala"]
[Date "2022.07.02"]
[Round "1"]
[White "Styf, Josef"]
[Black "Malmstig, Erik"]
[Result "0-1"]
[WhiteElo "2048"]
[BlackElo "2204"]
[PlyCount "80"]
[EventDate "2022.07.02"]
[EventType "swiss"]
[EventRounds "9"]
[EventCountry "SWE"]
[SourceTitle "EXT 2024"]
[Source "ChessBase"]
[SourceDate "2023.10.10"]
[SourceVersion "1"]
[SourceVersionDate "2023.10.10"]
[SourceQuality "1"]

1. e4 c5 2. Nf3 d6 3. d4 cxd4 4. Nxd4 Nf6 5. f3 a6 6. c4 e6 7. Nc3 Be7 8. Be3 Qc7 9. Rc1 0-0 10. Be2 Nbd7 11. 0-0 b6 12. Qd2 Bb7 13. Rfd1 Rac8 14. Qe1 Rfe8 15. Qf2 Qb8 16. Nb3 Bd8 17. g4 Nc5 18. Nxc5 bxc5 19. Bf4 Bc7 20. Rc2 Nd7 21. Rcd2 e5 22. Be3 Nf8 23. Nd5 Ba5 24. b4 cxb4 25. Ba7 Qa8 26. Bb6 Bxd5 27. Rxd5 Bxb6 28. Qxb6 Ne6 29. Rxd6 Nd4 30. Kf2 a5 31. Rd5 Rc6 32. Qxa5 Ra6 33. Qxb4 Ra4 34. Qb6 Ra6 35. Qb4 Ra4 36. Qb6 Rxa2 37. R5xd4 exd4 38. Qxd4 Qb8 39. e5 g5 40. e6 Qxh2+ 0-1

[Event "Vaxjo op"]
[Site "Vaxjo"]
[Date "2020.02.09"]
[Round "8"]
[White "Winfridsson, Hakan"]
[Black "Malmstig, Erik"]
[Result "0-1"]
[WhiteElo "2016"]
[BlackElo "2206"]
[PlyCount "76"]
[EventDate "2020.02.07"]
[EventType "swiss"]
[EventRounds "8"]
[EventCountry "SWE"]
[SourceTitle "CBM 194 Extra"]
[Source "ChessBase"]
[SourceDate "2020.03.31"]
[SourceVersion "1"]
[SourceVersionDate "2020.03.31"]
[SourceQuality "1"]

1. e4 c5 2. Nf3 e6 3. d4 cxd4 4. Nxd4 a6 5. Nc3 Qc7 6. Be3 Nf6 7. Be2 Bb4 8. Qd3 Nxe4 9. Qxe4 Bxc3+ 10. Kf1 Bxb2 11. Rd1 Nc6 12. Bf4 Qa5 13. Nxc6 bxc6 14. Bd6 Ba3 15. Be5 f6 16. Bh5+ Kd8 17. Qxc6 Qxe5 18. Qxa8 Qxh5 19. Rd3 Qb5 20. Ke2 Ke7 21. Rhd1 Rd8 22. Qa7 Bc5 23. Qc7 a5 24. Kf1 Bb7 25. c4 Qc6 26. Qg3 Kf8 27. Qg4 h5 28. Qg6 h4 29. Rf3 Qe4 30. Rxf6+ gxf6 31. Qxf6+ Ke8 32. Qh8+ Bf8 33. Qh5+ Ke7 34. Qg5+ Kf7 35. Qxd8 Qxg2+ 36. Ke2 Qf3+ 37. Kd2 Bb4+ 38. Kc1 Qc3+ 0-1

[Event "SWE-chT 1920 Superettan"]
[Site "Sweden"]
[Date "2020.02.01"]
[Round "5"]
[White "Lyrberg, Patrik"]
[Black "Malmstig, Erik"]
[Result "1-0"]
[WhiteElo "2460"]
[BlackElo "2257"]
[PlyCount "109"]
[EventDate "2019.10.18"]
[EventType "team-tourn"]
[EventRounds "9"]
[EventCountry "SWE"]
[SourceTitle "EXT 2023"]
[Source "ChessBase"]
[SourceDate "2022.10.05"]
[SourceVersion "1"]
[SourceVersionDate "2022.10.05"]
[SourceQuality "1"]
[WhiteTeam "Kungstornet"]
[BlackTeam "Umea Rockaden"]
[WhiteTeamCountry "SWE"]
[BlackTeamCountry "SWE"]

1. d4 Nf6 2. c4 c5 3. d5 b5 4. cxb5 a6 5. b6 d6 6. Nc3 Nbd7 7. e4 g6 8. Nf3 Bg7 9. a4 a5 10. Bb5 0-0 11. 0-0 Nxb6 12. Re1 Bb7 13. h3 Qc7 14. Bf4 Nh5 15. Bh2 Bh6 16. Bf1 f6 17. Qb3 Nd7 18. e5 fxe5 19. Nxe5 Nxe5 20. Rxe5 Nf4 21. Re4 Rab8 22. Bxf4 Bxf4 23. g3 Bh6 24. Be2 Bc8 25. Nb5 Qd8 26. Bg4 Bf5 27. Bxf5 Rxf5 28. Rae1 Rb7 29. h4 Bd2 30. R1e2 Bb4 31. Kg2 Kg7 32. Re6 Qf8 33. Qc4 Rf6 34. b3 Rxe6 35. Rxe6 Qf5 36. f4 Kf8 37. Qe4 Qxe4+ 38. Rxe4 Kf7 39. Kf3 Rd7 40. Kg4 Rb7 41. Re6 Kg7 42. h5 gxh5+ 43. Kxh5 Rd7 44. f5 Bd2 45. f6+ exf6 46. Nxd6 Bc3 47. Nf5+ Kf7 48. Rd6 Rb7 49. Rc6 Rxb3 50. Rc7+ Ke8 51. Ng7+ Kf8 52. Ne6+ Kg8 53. Rg7+ Kh8 54. Re7 h6 55. d6 1-0

[Event "Gothenburg op"]
[Site "Gothenburg"]
[Date "2019.08.16"]
[Round "4"]
[White "Malmstig, Erik"]
[Black "Kvarby, Anders"]
[Result "1-0"]
[WhiteElo "2335"]
[BlackElo "1864"]
[PlyCount "81"]
[EventDate "2019.08.16"]
[EventType "swiss"]
[EventRounds "8"]
[EventCountry "SWE"]
[SourceTitle "CBM 191 Extra"]
[Source "ChessBase"]
[SourceDate "2019.09.30"]
[SourceVersion "1"]
[SourceVersionDate "2019.09.30"]
[SourceQuality "1"]

1. d4 d5 2. c4 e6 3. Nc3 f5 4. Bf4 Nf6 5. e3 Bd6 6. Nh3 0-0 7. c5 Be7 8. f3 c6 9. b4 Nh5 10. Be5 Nd7 11. f4 Nhf6 12. Be2 Ne4 13. Rc1 b5 14. Nxe4 fxe4 15. 0-0 a5 16. a3 Nf6 17. Kh1 Bd7 18. g4 Be8 19. Qd2 Nd7 20. Ra1 a4 21. Rg1 Bg6 22. Raf1 Nxe5 23. dxe5 h6 24. Qd4 Bh4 25. Rg2 Bh7 26. Bd1 Qe7 27. Ng1 g5 28. Ne2 Rf7 29. Qd2 Raf8 30. Nd4 Qe8 31. Bc2 Kh8 32. Kg1 gxf4 33. exf4 e3 34. Qxe3 Bxc2 35. Nxc2 Bg5 36. Rgf2 Bh4 37. Rf3 Rg7 38. h3 Rfg8 39. Kh2 Rxg4 40. hxg4 Qg6 41. f5 1-0

[Event "Gothenburg Manhem-B"]
[Site "Gothenburg"]
[Date "2019.08.16"]
[Round "9"]
[White "Malmstig, Erik"]
[Black "Ornstein, Axel"]
[Result "1/2-1/2"]
[WhiteElo "2335"]
[BlackElo "2311"]
[PlyCount "44"]
[EventDate "2019.08.10"]
[EventType "tourn"]
[EventRounds "9"]
[EventCountry "SWE"]
[EventCategory "2"]
[SourceTitle "CBM 191 Extra"]
[Source "ChessBase"]
[SourceDate "2019.09.30"]
[SourceVersion "1"]
[SourceVersionDate "2019.09.30"]
[SourceQuality "1"]

1. d4 d5 2. c4 e6 3. Nc3 Nf6 4. cxd5 exd5 5. Bg5 c6 6. Qc2 Nbd7 7. e3 h6 8. Bh4 g5 9. Bg3 Nh5 10. Nge2 Nxg3 11. Nxg3 Nf6 12. Bd3 Be6 13. 0-0-0 Qa5 14. h4 g4 15. Bf5 0-0-0 16. Bxe6+ fxe6 17. Qg6 Be7 18. Qf7 Kd7 19. Nh5 Nxh5 20. Qxh5 Rdg8 21. Kb1 Qd8 22. Ne2 Qe8 1/2-1/2

[Event "Gothenburg op"]
[Site "Gothenburg"]
[Date "2019.08.16"]
[Round "1"]
[White "Ziegler, Nathalie"]
[Black "Malmstig, Erik"]
[Result "1/2-1/2"]
[WhiteElo "1846"]
[BlackElo "2335"]
[PlyCount "69"]
[EventDate "2019.08.16"]
[EventType "swiss"]
[EventRounds "8"]
[EventCountry "SWE"]
[SourceTitle "CBM 191 Extra"]
[Source "ChessBase"]
[SourceDate "2019.09.30"]
[SourceVersion "1"]
[SourceVersionDate "2019.09.30"]
[SourceQuality "1"]

1. c4 e5 2. Nc3 d6 3. Nf3 f5 4. g3 Nf6 5. d3 c6 6. Bg2 Be7 7. 0-0 0-0 8. b3 Na6 9. Bb2 h6 10. e4 Qe8 11. Nh4 f4 12. Nf5 Bxf5 13. exf5 Nh5 14. Bf3 Rxf5 15. Bg4 Rg5 16. Ne4 Rxg4 17. Qxg4 Qf7 18. d4 d5 19. cxd5 cxd5 20. Nc5 Bxc5 21. dxc5 e4 22. c6 bxc6 23. Rac1 c5 24. Ba3 fxg3 25. fxg3 Nf6 26. Qf5 Qe7 27. Bb2 Rd8 28. Bxf6 Qxf6 29. Qxf6 gxf6 30. Rxf6 Nb4 31. Rxc5 e3 32. Rc7 d4 33. Rg6+ Kf8 34. Rf6+ Kg8 35. Rg6+ 1/2-1/2

[Event "Gothenburg Manhem-B"]
[Site "Gothenburg"]
[Date "2019.08.14"]
[Round "6"]
[White "Malmstig, Erik"]
[Black "Renman, Nils Gustaf"]
[Result "0-1"]
[WhiteElo "2335"]
[BlackElo "2346"]
[PlyCount "72"]
[EventDate "2019.08.10"]
[EventType "tourn"]
[EventRounds "9"]
[EventCountry "SWE"]
[EventCategory "2"]
[SourceTitle "CBM 191 Extra"]
[Source "ChessBase"]
[SourceDate "2019.09.30"]
[SourceVersion "1"]
[SourceVersionDate "2019.09.30"]
[SourceQuality "1"]

1. e4 e6 2. d4 d5 3. Nc3 Nf6 4. Bg5 Bb4 5. e5 h6 6. Bh4 g5 7. Bg3 Ne4 8. Nge2 c5 9. a3 Bxc3+ 10. Nxc3 Qa5 11. Qd3 Nc6 12. dxc5 a6 13. 0-0-0 Nxc3 14. Qxc3 Qxc3 15. bxc3 Bd7 16. h4 0-0-0 17. c4 Ne7 18. cxd5 Nxd5 19. Rd4 Ne7 20. Bd3 Bb5 21. Rxd8+ Rxd8 22. Bxb5 axb5 23. hxg5 hxg5 24. Rh5 Rd5 25. Rxg5 Ng6 26. f4 Rxc5 27. Kb2 Kd7 28. Bf2 Rc4 29. g3 Re4 30. Kc3 Kc6 31. Rh5 Rc4+ 32. Kd2 Kd5 33. Rh7 Rc7 34. Kd3 Rd7 35. c3 Kc6+ 36. Ke4 f5+ 0-1

[Event "Gothenburg Manhem-B"]
[Site "Gothenburg"]
[Date "2019.08.11"]
[Round "2"]
[White "Malmstig, Erik"]
[Black "Fries Nielsen, Jens Ove"]
[Result "0-1"]
[WhiteElo "2335"]
[BlackElo "2351"]
[PlyCount "80"]
[EventDate "2019.08.10"]
[EventType "tourn"]
[EventRounds "9"]
[EventCountry "SWE"]
[EventCategory "2"]
[SourceTitle "CBM 191 Extra"]
[Source "ChessBase"]
[SourceDate "2019.09.30"]
[SourceVersion "1"]
[SourceVersionDate "2019.09.30"]
[SourceQuality "1"]

1. d4 d5 2. c4 e6 3. Nc3 Ne7 4. Nf3 Nbc6 5. Bg5 f6 6. cxd5 exd5 7. Bf4 g5 8. Bc1 Bg7 9. e3 0-0 10. Be2 h6 11. 0-0 f5 12. Ne1 f4 13. exf4 gxf4 14. Nd3 f3 15. Bxf3 Nxd4 16. Bh5 Qd6 17. Re1 Be6 18. Be3 Nec6 19. Qd2 Bf5 20. Bf4 Qd8 21. Bxh6 Qh4 22. Bxg7 Kxg7 23. Nf4 Bg4 24. Re5 Nxe5 25. Qxd4 Qf6 26. Bxg4 Qxf4 27. Qxf4 Rxf4 28. Be2 c6 29. Rd1 Raf8 30. f3 b5 31. Bf1 Nc4 32. Ne2 R4f6 33. b4 a5 34. bxa5 Ra8 35. Nd4 Rxa5 36. Bxc4 bxc4 37. Rd2 c5 38. Ne2 d4 39. Ng3 c3 40. Rc2 Rb6 0-1

[Event "Lund CellaVision Cup"]
[Site "Lund"]
[Date "2019.08.04"]
[Round "7"]
[White "Blomqvist, Erik"]
[Black "Malmstig, Erik"]
[Result "0-1"]
[WhiteElo "2507"]
[BlackElo "2335"]
[PlyCount "94"]
[EventDate "2019.08.02"]
[EventType "swiss"]
[EventRounds "8"]
[EventCountry "SWE"]
[SourceTitle "CBM 191 Extra"]
[Source "ChessBase"]
[SourceDate "2019.09.30"]
[SourceVersion "1"]
[SourceVersionDate "2019.09.30"]
[SourceQuality "1"]

1. e4 c5 2. Nf3 e6 3. c3 a6 4. d4 Qc7 5. Bd3 d6 6. 0-0 Nd7 7. Qe2 Ne7 8. Rd1 Ng6 9. a4 Be7 10. Na3 b6 11. Be3 Bb7 12. b4 0-0 13. Rab1 Nf6 14. Nd2 Bc6 15. Bc2 cxb4 16. cxb4 b5 17. Rdc1 Qd7 18. f3 bxa4 19. Ndc4 Rfb8 20. Na5 Bb5 21. Bd3 Bxd3 22. Qxd3 d5 23. e5 Ne8 24. Bd2 Rb6 25. Nc2 Rc8 26. Ra1 f6 27. f4 Qb5 28. Qe3 Nh4 29. Qf2 Nf5 30. g4 Nh6 31. h3 Qd3 32. Ra3 Qg6 33. Rc3 Rxc3 34. Bxc3 Qd3 35. Qe3 Qxe3+ 36. Nxe3 Bxb4 37. Bxb4 Rxb4 38. f5 a3 39. Ra1 exf5 40. e6 Rxd4 41. Rxa3 fxg4 42. Nc6 Re4 43. Nd8 Nc7 44. Nxd5 Nxd5 45. Rxa6 Nc7 46. Rc6 Nxe6 47. Nxe6 Kf7 0-1

[Event "Lund CellaVision Cup"]
[Site "Lund"]
[Date "2019.08.03"]
[Round "6"]
[White "Malmstig, Erik"]
[Black "Kring, Stephan"]
[Result "1-0"]
[WhiteElo "2335"]
[BlackElo "2094"]
[PlyCount "87"]
[EventDate "2019.08.02"]
[EventType "swiss"]
[EventRounds "8"]
[EventCountry "SWE"]
[SourceTitle "CBM 191 Extra"]
[Source "ChessBase"]
[SourceDate "2019.09.30"]
[SourceVersion "1"]
[SourceVersionDate "2019.09.30"]
[SourceQuality "1"]

1. d4 f5 2. c4 Nf6 3. Nc3 g6 4. g3 Bg7 5. Bg2 0-0 6. Nh3 d6 7. d5 c6 8. Nf4 Qe8 9. h4 Na6 10. h5 e5 11. dxc6 exf4 12. cxb7 Bxb7 13. Bxb7 fxg3 14. fxg3 Nb4 15. h6 Bh8 16. a3 Rb8 17. Bf3 Nc6 18. Qxd6 Ne5 19. 0-0 Nxc4 20. Qd4 Nb6 21. Qh4 Qe6 22. Bg5 Rbc8 23. Rfd1 Rc4 24. Bf4 Re8 25. Rd3 Ne4 26. Nxe4 fxe4 27. Bg4 Qf6 28. Bg5 Qxb2 29. Rdd1 Qe5 30. Rab1 e3 31. Bf4 Qf6 32. Qh3 Qe7 33. Bd6 Qf7 34. Bf3 Rd4 35. Rxd4 Bxd4 36. Rd1 Qf6 37. Bb4 Qe5 38. Qh4 Bb2 39. Rd8 Kf7 40. Kg2 Qe6 41. Qf4+ Bf6 42. Rxe8 Qxe8 43. Qc7+ Qd7 44. Bd5+ 1-0

[Event "Lund CellaVision Cup"]
[Site "Lund"]
[Date "2019.08.02"]
[Round "4"]
[White "Malmstig, Erik"]
[Black "Hector, Jonny"]
[Result "0-1"]
[WhiteElo "2335"]
[BlackElo "2493"]
[PlyCount "82"]
[EventDate "2019.08.02"]
[EventType "swiss"]
[EventRounds "8"]
[EventCountry "SWE"]
[SourceTitle "CBM 191 Extra"]
[Source "ChessBase"]
[SourceDate "2019.09.30"]
[SourceVersion "1"]
[SourceVersionDate "2019.09.30"]
[SourceQuality "1"]

1. d4 d5 2. c4 c6 3. cxd5 cxd5 4. Bf4 Nc6 5. Nf3 Nf6 6. Nc3 Bf5 7. e3 e6 8. Be2 Be7 9. 0-0 0-0 10. Nh4 Be4 11. f3 Bg6 12. Nxg6 hxg6 13. Bg3 Bd6 14. Bf2 Qb8 15. Kh1 Rd8 16. Nb5 Bxh2 17. f4 Bxf4 18. exf4 Qxf4 19. Qc1 Qxc1 20. Raxc1 Ne4 21. Rcd1 Ne7 22. Be1 Nf5 23. Rd3 Rac8 24. Nc3 Rc4 25. g4 Nxd4 26. b3 Rxc3 27. Bxc3 Nxe2 28. Be1 Rc8 29. Kg2 Rc2 30. Kf3 Rxa2 31. Ke3 Nc1 32. Rd1 Nxb3 33. Rb1 Nbd2 34. Bxd2 Nxd2 35. Rf2 Nc4+ 36. Kf3 Ra3+ 37. Kf4 e5+ 38. Kg5 Nd6 39. Rh2 Ne4+ 40. Kh4 g5+ 41. Kh5 Kh7 0-1

[Event "Helsingor Xtracon op"]
[Site "Helsingor"]
[Date "2019.07.23"]
[Round "5"]
[White "Ernst, Michael"]
[Black "Malmstig, Erik"]
[Result "0-1"]
[WhiteElo "2190"]
[BlackElo "2357"]
[PlyCount "94"]
[EventDate "2019.07.20"]
[EventType "swiss"]
[EventRounds "10"]
[EventCountry "DEN"]
[SourceTitle "CBM 191 Extra"]
[Source "ChessBase"]
[SourceDate "2019.09.30"]
[SourceVersion "1"]
[SourceVersionDate "2019.09.30"]
[SourceQuality "1"]

1. d4 Nf6 2. c4 e6 3. Nc3 Bb4 4. Qc2 0-0 5. a3 Bxc3+ 6. Qxc3 b6 7. Bg5 Bb7 8. f3 d6 9. e3 Nbd7 10. Bd3 c5 11. Ne2 Rc8 12. 0-0 Re8 13. b4 Qc7 14. Rac1 h6 15. Bh4 Qb8 16. Qd2 Qa8 17. Bg3 e5 18. Bf5 cxd4 19. exd4 e4 20. fxe4 Bxe4 21. Bxe4 Nxe4 22. Qd3 Qb7 23. Nc3 Ndf6 24. Nxe4 Nxe4 25. Rfe1 f5 26. Qf3 Qf7 27. c5 dxc5 28. dxc5 bxc5 29. bxc5 Re6 30. Bf2 Rec6 31. Rxe4 fxe4 32. Qxe4 Rf6 33. Rc2 Re8 34. Qd3 Rf8 35. Qe3 Qd5 36. Qc1 Rg6 37. Be3 Rff6 38. h3 Kh7 39. Qd2 Qe4 40. Bd4 Rf4 41. c6 Qf5 42. Rc1 Qxh3 43. Rc2 Rh4 44. Kf1 Qh1+ 45. Bg1 Rf6+ 46. Qf2 Rxf2+ 47. Kxf2 Rg4 0-1

[Event "Helsingor Xtracon op"]
[Site "Helsingor"]
[Date "2019.07.21"]
[Round "3"]
[White "Knudsen, Ole Bech"]
[Black "Malmstig, Erik"]
[Result "0-1"]
[WhiteElo "1969"]
[BlackElo "2357"]
[PlyCount "88"]
[EventDate "2019.07.20"]
[EventType "swiss"]
[EventRounds "10"]
[EventCountry "DEN"]
[SourceTitle "CBM 191 Extra"]
[Source "ChessBase"]
[SourceDate "2019.09.30"]
[SourceVersion "1"]
[SourceVersionDate "2019.09.30"]
[SourceQuality "1"]

1. e4 c5 2. Nf3 e6 3. g3 Nc6 4. d3 d5 5. Qe2 Be7 6. Bg2 h6 7. h4 Nf6 8. Bf4 Qb6 9. c3 c4 10. dxc4 dxe4 11. Ne5 Nxe5 12. Bxe5 e3 13. fxe3 Qa5 14. Bxf6 Bxf6 15. Nd2 Be5 16. Qf3 Qc7 17. 0-0-0 Bxg3 18. Ne4 Be5 19. c5 0-0 20. Qh5 f5 21. Ng5 hxg5 22. hxg5 g6 23. Qxg6+ Qg7 24. Qh5 Bd7 25. Rxd7 Qxd7 26. Qg6+ Bg7 27. Qh7+ Kf7 28. Qh5+ Ke7 29. Qg6 Rg8 30. Rd1 Qe8 31. Qxe8+ Raxe8 32. Bxb7 Rd8 33. Rxd8 Rxd8 34. Kc2 Be5 35. b4 Bg3 36. a4 Bf2 37. e4 f4 38. e5 Rg8 39. Kd3 Rxg5 40. Kc4 Kd8 41. Kb5 Kc7 42. Ka6 Kb8 43. a5 Rxe5 44. c4 Be1 0-1

[Event "SWE-chB"]
[Site "Eskilstuna"]
[Date "2019.07.14"]
[Round "9"]
[White "Malmstig, Erik"]
[Black "Cramling, Dan"]
[Result "1-0"]
[WhiteElo "2357"]
[BlackElo "2321"]
[PlyCount "139"]
[EventDate "2019.07.06"]
[EventType "tourn"]
[EventRounds "9"]
[EventCountry "SWE"]
[EventCategory "3"]
[SourceTitle "CBM 191 Extra"]
[Source "ChessBase"]
[SourceDate "2019.09.30"]
[SourceVersion "1"]
[SourceVersionDate "2019.09.30"]
[SourceQuality "1"]

1. d4 g6 2. c4 d6 3. Nc3 Bg7 4. e4 e5 5. d5 f5 6. exf5 gxf5 7. Qh5+ Kf8 8. f4 Nf6 9. Qh4 Na6 10. fxe5 dxe5 11. Bh6 Qe7 12. 0-0-0 Bd7 13. h3 Re8 14. Be2 Nc5 15. Bxg7+ Kxg7 16. Qg5+ Kf7 17. d6 cxd6 18. Nd5 Nxd5 19. Bh5+ Kf8 20. Qh6+ Qg7 21. Qxd6+ Re7 22. g4 Qg5+ 23. Kb1 Ne4 24. Qxd5 Bc6 25. Qa5 b6 26. Qe1 Nd2+ 27. Rxd2 Bxh1 28. Ne2 Be4+ 29. Ka1 Qe3 30. gxf5 Bxf5 31. Rd6 Re6 32. Rd7 Rg6 33. Rxa7 Rhg8 34. Bxg6 Rxg6 35. a4 Rg2 36. Qb4+ Qc5 37. Qxc5+ bxc5 38. Nc3 Bd3 39. b3 e4 40. Nd5 Rg1+ 41. Kb2 Rg2+ 42. Kc1 Rc2+ 43. Kd1 Rb2 44. Rc7 Rb1+ 45. Kd2 Rb2+ 46. Ke1 e3 47. Nxe3 Re2+ 48. Kd1 Rxe3 49. Kd2 Rxh3 50. Rxc5 Be4 51. Re5 Bg2 52. b4 Ra3 53. a5 Kf7 54. Kc2 Kf6 55. Re8 h5 56. Kb2 Rg3 57. a6 Rg7 58. Rh8 Bf3 59. b5 Kg5 60. b6 h4 61. Kc3 Kg4 62. c5 h3 63. a7 Rg6 64. a8Q Bxa8 65. Rxa8 Rg5 66. Kd4 h2 67. Ra1 Kf3 68. b7 Rg1 69. b8Q Rxa1 70. Qxh2 1-0

[Event "SWE-chB"]
[Site "Eskilstuna"]
[Date "2019.07.13"]
[Round "8"]
[White "Nyander, Joakim"]
[Black "Malmstig, Erik"]
[Result "1/2-1/2"]
[WhiteElo "2233"]
[BlackElo "2357"]
[PlyCount "36"]
[EventDate "2019.07.06"]
[EventType "tourn"]
[EventRounds "9"]
[EventCountry "SWE"]
[EventCategory "3"]
[SourceTitle "CBM 191 Extra"]
[Source "ChessBase"]
[SourceDate "2019.09.30"]
[SourceVersion "1"]
[SourceVersionDate "2019.09.30"]
[SourceQuality "1"]

1. c4 e5 2. g3 Nc6 3. Nc3 Bc5 4. Bg2 a6 5. Nf3 d6 6. 0-0 Be6 7. d3 h6 8. e3 Ba7 9. Re1 Qd7 10. d4 Bg4 11. dxe5 dxe5 12. Qxd7+ Bxd7 13. b3 Bc5 14. Rd1 0-0-0 15. Bb2 f6 16. Rd2 Bg4 17. h3 Rxd2 18. Nxd2 Bf8 1/2-1/2

[Event "SWE-chB"]
[Site "Eskilstuna"]
[Date "2019.07.12"]
[Round "7"]
[White "Malmstig, Erik"]
[Black "Rydstrom, Tom"]
[Result "1/2-1/2"]
[WhiteElo "2357"]
[BlackElo "2345"]
[PlyCount "73"]
[EventDate "2019.07.06"]
[EventType "tourn"]
[EventRounds "9"]
[EventCountry "SWE"]
[EventCategory "3"]
[SourceTitle "CBM 191 Extra"]
[Source "ChessBase"]
[SourceDate "2019.09.30"]
[SourceVersion "1"]
[SourceVersionDate "2019.09.30"]
[SourceQuality "1"]

1. c4 e5 2. g3 Nc6 3. Bg2 Bc5 4. Nc3 a6 5. e3 d6 6. Nge2 Ba7 7. 0-0 h5 8. h3 h4 9. g4 f5 10. f3 Nf6 11. d4 Bd7 12. Kh1 Qe7 13. b4 Qf7 14. b5 axb5 15. Nxb5 Bb6 16. c5 dxc5 17. dxc5 Ba5 18. e4 f4 19. Nec3 Nd4 20. Qd3 Be6 21. Nd5 Nxb5 22. Nxf6+ gxf6 23. Qxb5+ c6 24. Qb2 0-0 25. Rd1 Rfd8 26. Bd2 Bxd2 27. Rxd2 Rxd2 28. Qxd2 Qe7 29. Qf2 Ra5 30. Rc1 Rxa2 31. Qxh4 Kg7 32. Rg1 Ra8 33. Rb1 Ra5 34. Rg1 Ra8 35. Rd1 Ra2 36. Rg1 Ra8 37. Rd1 1/2-1/2

[Event "SWE-chB"]
[Site "Eskilstuna"]
[Date "2019.07.10"]
[Round "5"]
[White "Malmstig, Erik"]
[Black "Logdahl, Harald"]
[Result "0-1"]
[WhiteElo "2357"]
[BlackElo "2269"]
[PlyCount "80"]
[EventDate "2019.07.06"]
[EventType "tourn"]
[EventRounds "9"]
[EventCountry "SWE"]
[EventCategory "3"]
[SourceTitle "CBM 191 Extra"]
[Source "ChessBase"]
[SourceDate "2019.09.30"]
[SourceVersion "1"]
[SourceVersionDate "2019.09.30"]
[SourceQuality "1"]

1. d4 f5 2. c4 Nf6 3. Nc3 d6 4. e3 g6 5. Bd3 e5 6. Nge2 Nc6 7. f3 Bg7 8. a3 0-0 9. 0-0 a5 10. Rb1 Nh5 11. d5 Nb8 12. f4 Na6 13. b4 axb4 14. axb4 Kh8 15. Bd2 c5 16. bxc5 Nxc5 17. Bc2 Bd7 18. Nb5 Bxb5 19. Rxb5 Qe7 20. Kh1 exf4 21. exf4 Nf6 22. Ng1 Nfe4 23. Nf3 Rfe8 24. Rb6 Ra1 25. Bb1 Qc7 26. Rb4 Nd3 27. Qc2 Nxd2 28. Qxd2 Nxb4 29. Qxb4 Qc5 30. Qb3 b6 31. h4 Re3 32. Qc2 Kg8 33. h5 b5 34. Nd2 bxc4 35. Nxc4 Re4 36. Nd2 Qxc2 37. Bxc2 Rxf1+ 38. Nxf1 Rxf4 39. Ne3 Rh4+ 40. Kg1 Bd4 0-1